| 000 | 00596nam a22001937a 4500 | ||
|---|---|---|---|
| 003 | CEME | ||
| 005 | 20210628202248.0 | ||
| 008 | 210113b xxu||||| |||| 00| 0 eng d | ||
| 020 | _a9780071321174 | ||
| 040 | _c. | ||
| 082 | _a621.38223 CAR | ||
| 100 |
_aCarlson, A. Bruce, Crilly, Paul B _959064 |
||
| 245 | _aCommunication systems, an introduction to signals and noise in electrical communicaiton | ||
| 250 | _a5TH | ||
| 260 |
_aINDIA _bMCGRAW HILL _c2013 |
||
| 300 | _aXX, 924P | ||
| 650 |
_aCOMMUNICATION SYSTEMS.SIGNALS AND NOISE IN ELECTRICAL COMMUNICAITON _959065 |
||
| 942 |
_cBK _2ddc |
||
| 999 |
_c569121 _d569121 |
||